000 00682cab a2200229 4500
001 X3693
008 090401t1996 xxu||||| |||| 00| 0 eng d
035 _a(Sirsi) u32187
041 _aeng
245 _aNVZ grants
260 _c1996
350 _a0
490 _aCSM (Chartered Surveyor Monthly)
_v5(10) July/August 1996, 9(1)
520 _aFarmers in nitrate vulnerable zones can now claim a grant of 25% towards the cost of improving eligible waste storage and handling facilities.
650 _aGRANTS
650 _aNITRATE VULNERABLE ZONES
650 _aWASTE HANDLING
650 _aWASTE STORAGE
690 _aRURAL PRACTICE
942 _n0
948 _c04/03/1997
999 _c21600
_d21600